000 00315nam a22000977a 4500
008 240219b |||||||| |||| 00| 0 eng d
082 _aC LANV Ej.1
100 1 0 _aLangley-Swain, Samuel
_eautor
_943444
245 _a¿VIste cómo se vestía Victor?:
_bUn cuento sobre la aceptación /
_cSamuel Langley-Swain
942 _2ddc
999 _c30620
_d17004